Statistics for Most Populous Cities: India

Click here to take the quiz!

General Stats

  • This quiz has been taken 30 times
  • The average score is 19 of 50

Answer Stats

Largest Cities By Population% Correct
Delhi
95%
Kolkata
95%
Mumbai
95%
Bangalore
89%
Chennai
89%
Hyderabad
89%
Ahmedabad
84%
Jaipur
84%
Agra
79%
Pune
79%
Surat
74%
Bhopal
63%
Kanpur
63%
Lucknow
63%
Nagpur
63%
Varanasi
53%
Indore
42%
Jodhpur
42%
Patna
42%
Amritsar
37%
Coimbatore
26%
Allahabad
21%
Aurangabad
21%
Meerut
21%
Nashik
21%
Navi Mumbai
21%
Raipur
21%
Rajkot
21%
Ranchi
21%
Srinagar
21%
Vadodara
21%
Chandigarh
16%
Ghaziabad
16%
Ludhiana
16%
Thane
16%
Thiruvananthapuram
16%
Visakhapatnam
16%
Dhanbad
11%
Faridabad
11%
Gwalior
11%
Howrah
11%
Jabalpur
11%
Madurai
11%
Pimpri Chinchwad
11%
Guwahati
5%
Kalyan-Dombivli
5%
Kota
5%
Solapur
5%
Vasai-Virar
5%
Vijayawada
5%

Score Distribution

Percentile by Number Answered

Percent of People with Each Score

Your Score History

You have not taken this quiz